书目信息 |
| 题名: |
超越分子前沿
|
|
| 作者: | ;陈尔强 译 ;21世纪化学科学的挑战委员会 著 | |
| 分册: | ||
| 出版信息: | 北京 科学出版社 2004.4 |
|
| 页数: | 164页 | |
| 开本: | 24cm | |
| 丛书名: | ||
| 单 册: | ||
| 中图分类: | O6-1 | |
| 科图分类: | ||
| 主题词: | 化学--研究--进展--世界 | |
| 电子资源: | ||
| ISBN: | 7-03-013231-9 | |
| 000 | 01046nam0 2200265 45 | |
| 001 | 012004000000 | |
| 005 | 20050610090537.73 | |
| 010 | @a7-03-013231-9@dCNY 30.00 | |
| 100 | @a20041220d2004 em y0chiy0121 ea | |
| 101 | 1 | @achi@ceng |
| 102 | @aCN@b110000 | |
| 105 | @aa z 000yy | |
| 200 | 1 | @a超越分子前沿@Achao yue fen zi qian yan@dBeyond the molecular frontier@e化学与化学工程面临的挑战@eClallenges for chemistry and chemical engineering@f(美)21世纪化学科学的挑战委员会著@g陈尔强等译@zeng |
| 210 | @a北京@c科学出版社@d2004.4 | |
| 215 | @a164页@c图@d24cm | |
| 300 | @a国家自然科学基金委员会化学科学部资助出版 | |
| 320 | @a书末附附录 | |
| 510 | 1 | @aBeyond the molecular frontier@eClallenges for chemistry and chemical engineering@zeng |
| 517 | 1 | @a化学与化学工程面临的挑战 |
| 606 | 0 | @a化学@x研究@x进展@y世界 |
| 690 | @aO6-1@v4 | |
| 702 | 0 | @a陈尔强@Achen er qiang@4译 |
| 711 | 02 | @a21世纪化学科学的挑战委员会@A21 shi ji hua xue ke xue de tiao zhan wei yuan hui@4著 |
| 801 | 0 | @aCN@bQSSKxf@c20050610 |
| 905 | @a10447@dO6-1@eE103 | |
| 超越分子前沿=Beyond the molecular frontier:化学与化学工程面临的挑战:Clallenges for chemistry and chemical engineering/(美)21世纪化学科学的挑战委员会著/陈尔强等译.-北京:科学出版社,2004.4 |
| 164页:图;24cm |
| 国家自然科学基金委员会化学科学部资助出版 |
| ISBN 7-03-013231-9:CNY 30.00 |
| ● |
| 相关链接 |
|
|
|
正题名:超越分子前沿
索取号:O6-1/E103
 
预约/预借
| 序号 | 登录号 | 条形码 | 馆藏地/架位号 | 状态 | 备注 |
| 1 | 437225 | 204372259 | 自科库401/401自科库 60排5列2层/ [索取号:O6-1/E103] | 在馆 | |
| 2 | 437226 | 204372268 | 自科库401/401自科库 60排5列2层/ [索取号:O6-1/E103] | 在馆 | |
| 3 | 437227 | 204372277 | 自科库401/401自科库 60排5列2层/ [索取号:O6-1/E103] | 在馆 | |
| 4 | 531391 | 205313917 | 自科库401/401自科库 60排5列2层/ [索取号:O6-1/E103] | 在馆 | |
| 5 | 531392 | 205313926 | 自科库401/401自科库 60排5列2层/ [索取号:O6-1/E103] | 在馆 | |
| 6 | 543045 | 205430452 | 材料与化工学院资料室/ [索取号:O6-1/E103] | 在馆 | |
| 7 | 543046 | 205430461 | 自科库401/401自科库 60排5列2层/ [索取号:O6-1/E103] | 在馆 | |
| 8 | 543047 | 205430470 | 自科库401/401自科库 60排5列2层/ [索取号:O6-1/E103] | 在馆 |